Normal view
MARC view
Entry Topical Term
001 - CONTROL NUMBER
- control field: 259380
003 - CONTROL NUMBER IDENTIFIER
- control field: OSt
005 - DATE AND TIME OF LATEST TRANSACTION
- control field: 20260326111034.0
008 - FIXED-LENGTH DATA ELEMENTS
- fixed length control field: 260326|| aca||aabn | a|a d
040 ## - CATALOGING SOURCE
- Original cataloging agency: OSt
- Transcribing agency: OSt
150 ## - HEADING--TOPICAL TERM
- Topical term or geographic name entry element: Switching circuits and logic circuits
670 ## - SOURCE DATA FOUND
- Source citation: Work cat.: (OSt)181281: Mendelson, Elliott. 259378, Schaums outline of theory and problems of boolean algebra : , 1987.